000 00818nam a2200253Ia 4500
003 OSt
005 20221005120926.0
006 a|||||r|||| 00| 0
007 ta
008 221004b |||||||| |||| 00| 0 eng d
024 _a63670
037 _cTextual
040 _aCRL
_cCRL
_beng
041 _2eng
_aeng
082 _aV252:2501:M5, J7.1-.4
110 _aUttar Pradesh. Information (Department). Publications (Bureau).
_9629820
245 0 _aFreedom struggle in Uttar Pradesh
_b Source-material
260 _c1957
490 _aU. P. Advisory Board for the history of freedom movement deries; 1
650 _aHISTORY
700 _aUttar Pradesh. Information (Department). Publications (Bureau).
_9629821
942 _hV252:2501:M5, J7.1-.4
_cTEXL
_2cc
999 _c1039558
_d1039558